Some factors affecting the service life of natural rubber articles (Record no. 46473)

MARC details
000 -LEADER
fixed length control field 00375nam a2200133Ia 4500
100 ## - MAIN ENTRY--AUTHOR NAME
Personal name Derham CJ
245 #0 - TITLE STATEMENT
Title Some factors affecting the service life of natural rubber articles
260 ## - PUBLICATION, DISTRIBUTION, ETC. (IMPRINT)
Name of publisher Natural Rubber Conference, 1968, Kuala lumpur
Year of publication 1968
300 ## - PHYSICAL DESCRIPTION
Number of Pages 9p
700 ## - ADDED ENTRY--PERSONAL NAME
Personal name
700 ## - ADDED ENTRY--PERSONAL NAME
Personal name Thomas AG
942 ## - ADDED ENTRY ELEMENTS (KOHA)
Koha item type Reprints
700 ## - ADDED ENTRY--PERSONAL NAME
-- Lake GJ
Holdings
Withdrawn status Lost status Damaged status Not for loan Home library Current library Date acquired Koha item type
      Reprints RRII Library RRII Library 22/12/2021 Reprints